000 00571nam a2200241 a 4500
001 nice12345678
003 IN_TiNIC
005 20260116013926.0
008 050524s1994 lona grp 000 0 eng
020 _a
_c959.2
082 0 0 _a227.0601
_bBAR
100 _aBarret, C K
245 _aPaul
_b an Introduction to His Thought
260 _aLondon
_bCassel
_c1994
300 _a180p
500 _aincludes index and biblioraphy
505 2 _aIndex
650 _aPauline Epistles
700 1 _aBarret, C K
902 _bSRS
942 _cBK
999 _c13134
_d13134